000 00710nam a2200241Ia 4500
003 OSt
005 20221006152009.0
006 a|||||r|||| 00| 0
007 ta
008 221006b |||||||| |||| 00| 0 eng d
024 _a24,166
037 _bGift,
_cTextual
040 _aEASL
_cEASL
_beng
041 _2eng
_aeng
082 _aV41,1y7M59, L7
100 _aYOUNG Ernest P
_9660489
245 0 _aPresidency of Yuan Shih-kai
_b Liberalism and dictatorship in early Republican China
260 _aAnn Arbor
_bUniversity of Michigan Press
_c1977
300 _a347p.
_ccm.
490 _v CEL
942 _hV41,1y7M59, L7
_cTEXL
_2CC
999 _c1092252
_d1092252